| 000 | 00774cam a22001575a 4500 | ||
|---|---|---|---|
| 001 | L159145 | ||
| 008 | 160210s20160201xxk f 000 0 eng d | ||
| 035 | _a(Sirsi) u159145 | ||
| 041 | 0 | _aeng | |
| 110 | 2 |
_aOffice for National Statistics _92210 |
|
| 245 | 0 | 0 |
_aDevelopment of a single Official House Price Index _bOffice for National Statistics, Land Registry, Regisers of Scotland and Land Property Services Northern Ireland _h[electronic resource] |
| 260 |
_aLondon _bONS _c2016 |
||
| 520 | _aUpdate on plans for the development of a single Official House Price Index for the UK. Explains how the index will use transactional price paid data sources based on the market value sale price together with property atttirbutes data | ||
| 651 | 4 | _aENGLAND AND WALES | |
| 942 | _n0 | ||
| 999 |
_c115702 _d115702 |
||